Welcome to CU Library Online Public Access Catalogue (OPAC)

Reading the Gospels today / (Record no. 6988)

MARC details
000 -LEADER
fixed length control field 00731cam a22002054a 4500
001 - CONTROL NUMBER
control field 13451351
005 - DATE AND TIME OF LATEST TRANSACTION
control field 20250716084332.0
008 - FIXED-LENGTH DATA ELEMENTS--GENERAL INFORMATION
fixed length control field 040107s2004 miu b 001 0 eng
020 ## - INTERNATIONAL STANDARD BOOK NUMBER
International Standard Book Number 0802805175
Qualifying information alk. paper
020 ## - INTERNATIONAL STANDARD BOOK NUMBER
International Standard Book Number 9780802805171
Qualifying information (alk. paper)
050 00 - LIBRARY OF CONGRESS CALL NUMBER
Classification number BS2555.52
Item number .R43 2004
082 00 - DEWEY DECIMAL CLASSIFICATION NUMBER
Classification number 226/.06
Edition information 22
245 00 - TITLE STATEMENT
Title Reading the Gospels today /
Statement of responsibility, etc. edited by Stanley E. Porter.
260 ## - PUBLICATION, DISTRIBUTION, ETC.
Place of publication, distribution, etc. Grand Rapids, Mich. :
Name of publisher, distributor, etc. Eerdmans,
Date of publication, distribution, etc. c2004.
300 ## - PHYSICAL DESCRIPTION
Extent xvii, 211 p. ;
Dimensions 23 cm.
440 #0 - SERIES STATEMENT/ADDED ENTRY--TITLE
Title McMaster New Testament studies
500 ## - GENERAL NOTE
General note Papers presented at the eight H.H. Bingham Colloquium in New Testament, McMaster Divinity College, Hamilton, Ontario, 2002.
700 1# - ADDED ENTRY--PERSONAL NAME
Personal name Porter, Stanley E.,
Dates associated with a name 1956-
942 ## - ADDED ENTRY ELEMENTS (KOHA)
Source of classification or shelving scheme Library of Congress Classification
Koha item type Books
Suppress in OPAC No
999 ## -
-- 6988
-- 6988
Holdings
Withdrawn status Lost status Source of classification or shelving scheme Damaged status Not for loan Collection Home library Current library Shelving location Date acquired Total checkouts Full call number Barcode Date last seen Copy number Price effective from Koha item type
    Library of Congress Classification     Non-fiction Undergraduate Library (Christ Temple) Undergraduate Library (Christ Temple) General stacks 07/16/2025   BS2555.52 REA ulct00003878 07/16/2025 1 07/16/2025 Books
© 2023-2024 Copyright: Central University Libraries. All Rights Reserved | Created by: Mahone Tech Office